000 00401 a2200169 4500
001 156990
020 _a9788516111618
040 _cEscola São Tomás de Aquino
100 _aCARRASCO, Walcyr
240 1 0 _aA ararinha do bico torto
_lpor
245 1 0 _aA ararinha do bico torto
300 _a48 p.
362 0 _a2018
440 1 _aModerna
697 _a*LITERATURA INFANTO JUVENIL
942 _cBK
999 _c156990
_d156990